|
|
|
|
| LEADER |
00642nam a22001577a 4500 |
| 008 |
210906b |||||||| |||| 00| 0 eng d |
| 100 |
|
|
|a Sihabudheen , Alungal
|
| 245 |
|
|
|a Attitude of teacher trainees towards teaching internship/
|c Sihabudheen Alungal
|
| 260 |
|
|
|c 2019.
|
| 300 |
|
|
|a 117 Pages
|
| 502 |
|
|
|a Dessertations (M.Phil)--Department of Education,University of Calicut, 2019.
|
| 504 |
|
|
|a Includes bibliographical references and abstract.
|
| 796 |
|
|
|c Dr.C. M. Bindhu
|e advisor.
|
| 942 |
|
|
|c MD
|
| 999 |
|
|
|c 360736
|d 360736
|
| 952 |
|
|
|0 0
|1 0
|4 0
|6 M_4_000000000000000
|7 0
|9 419249
|a EDU
|b EDU
|c REF
|d 2021-09-06
|i M4
|l 0
|o M4
|p EDUM4
|r 2021-09-06
|w 2021-09-06
|y MD
|